[Event "Zonal Oceania 2009"]
[Site "Tweed Heads AUS"]
[Date "2009.06.24"]
[Round "7.23"]
[White "Krstev, Mario"]
[Black "Spiller, Paul"]
[Result "1-0"]
[WhiteElo "2086"]
[BlackElo "2005"]
[PlyCount "90"]
[EventDate "2009.06.20"]
[EventType "swiss"]
[EventRounds "9"]
[EventCountry "AUS"]
[Source "lmi"]
[SourceDate "2009.06.20"]

1. d4 c5 2. d5 e5 3. dxe6 fxe6 4. c4 d5 5. e3 Nf6 6. Nf3 Nc6 7. a3 Be7 8. Qc2
Qc7 9. Bd3 Bd7 10. Nc3 a6 11. b3 O-O-O 12. Bb2 Rhf8 13. Na4 d4 14. exd4 Nxd4
15. Bxd4 cxd4 16. O-O Ng4 17. h3 Rxf3 18. hxg4 Rf4 19. f3 Bh4 20. c5 Bxa4 21.
bxa4 Bg3 22. Rfc1 Qe7 23. c6 b5 24. Qc5 Qh4 25. Qh5 Qxh5 26. gxh5 Rd5 27. Rab1
Rh4 28. axb5 Rdxh5 29. Kf1 Re5 30. Be4 axb5 31. Ke2 Rh2 32. a4 Rxg2+ 33. Kd3
Bf4 34. Rd1 bxa4 35. Rb7 Be3 36. f4 Rc5 37. Bxg2 Rc3+ 38. Ke2 Rc2+ 39. Kf3 Rf2+
40. Ke4 Rxg2 41. Ra1 Rc2 42. Rxa4 Rxc6 43. Raa7 Rd6 44. Rxg7 Kb8 45. Rab7+ Kc8
1-0

[Event "Zonal Oceania 2009"]
[Site "Tweed Heads AUS"]
[Date "2009.06.24"]
[Round "7.24"]
[White "Jule, Alexandra"]
[Black "Norris, Damian"]
[Result "1-0"]
[WhiteElo "1928"]
[BlackElo "2142"]
[PlyCount "109"]
[EventDate "2009.06.20"]
[EventType "swiss"]
[EventRounds "9"]
[EventCountry "AUS"]
[Source "lmi"]
[SourceDate "2009.06.20"]

1. d4 Nf6 2. Nf3 e6 3. e3 c5 4. Nbd2 Nc6 5. Bd3 Qc7 6. a3 d6 7. b3 e5 8. Bb2
Bg4 9. h3 Bh5 10. c4 Nd7 11. O-O Ne7 12. Qc2 Bg6 13. Bxg6 Nxg6 14. Rad1 Be7 15.
Nb1 O-O 16. Nc3 Rfe8 17. Rd2 Nf6 18. dxc5 dxc5 19. Nd5 Nxd5 20. cxd5 Bf6 21. e4
Rac8 22. Qc4 a6 23. a4 Qd7 24. a5 Qd6 25. Rc2 Rc7 26. Qa4 Rec8 27. Nd2 Qd7 28.
Qxd7 Rxd7 29. b4 Rdc7 30. Rfc1 Nf4 31. Nc4 cxb4 32. d6 Rc5 33. d7 Rd8 34. Nxe5
Bxe5 35. Rxc5 Bxb2 36. Rc8 Ne6 37. R1c4 Bc3 38. f4 Kf8 39. f5 Ke7 40. fxe6 fxe6
41. Rxd8 Kxd8 42. Kf2 Kxd7 43. Ke3 Be1 44. Ke2 Bc3 45. Kd1 Kd6 46. Kc2 Ke5 47.
Kd3 Kf4 48. Rc7 Kg3 49. Rxb7 Kxg2 50. h4 h5 51. Rb6 Kg3 52. Rxe6 Kxh4 53. Rxa6
Kg3 54. Ra8 Be1 55. a6 1-0

[Event "Zonal Oceania 2009"]
[Site "Tweed Heads AUS"]
[Date "2009.06.24"]
[Round "7.26"]
[White "Selnes, Hamish"]
[Black "Milligan, Helen"]
[Result "1-0"]
[WhiteElo "1921"]
[BlackElo "1985"]
[PlyCount "43"]
[EventDate "2009.06.20"]
[EventType "swiss"]
[EventRounds "9"]
[EventCountry "AUS"]
[Source "lmi"]
[SourceDate "2009.06.20"]

1. d4 Nf6 2. c4 e6 3. Nc3 Bb4 4. a3 Bxc3+ 5. bxc3 c5 6. e3 d6 7. Bd3 Nc6 8. Ne2
Qe7 9. O-O b6 10. f4 Bb7 11. e4 e5 12. fxe5 dxe5 13. d5 Na5 14. Ng3 Bc8 15. Bg5
h6 16. Bxf6 gxf6 17. Nh5 f5 18. Ng7+ Kd8 19. Nxf5 Bxf5 20. Rxf5 Nb7 21. Qh5 f6
22. Raf1 1-0

[Event "Zonal Oceania 2009"]
[Site "Tweed Heads AUS"]
[Date "2009.06.24"]
[Round "7.27"]
[White "Muller, Jonas"]
[Black "Rachmadi, Herman"]
[Result "1-0"]
[WhiteElo "1981"]
[BlackElo "1842"]
[PlyCount "65"]
[EventDate "2009.06.20"]
[EventType "swiss"]
[EventRounds "9"]
[EventCountry "AUS"]
[Source "lmi"]
[SourceDate "2009.06.20"]

1. e4 c5 2. Nf3 d6 3. d4 cxd4 4. Nxd4 Nf6 5. Nc3 a6 6. f4 e6 7. Be2 Be7 8. O-O
Qc7 9. Kh1 b5 10. Bf3 Bb7 11. a3 Nbd7 12. Qe1 O-O 13. Qg3 Rfe8 14. e5 Qc4 15.
Be2 Ne4 16. Qe3 Qc7 17. Nxe4 Bxe4 18. Qxe4 dxe5 19. fxe5 Nxe5 20. Bf4 Bd6 21.
Rae1 Rad8 22. Bxe5 Bxe5 23. Nc6 Rd5 24. Nxe5 Qxe5 25. Qxe5 Rxe5 26. Bd3 Rc5 27.
Re4 e5 28. a4 Rd8 29. g4 g6 30. Rf6 Kg7 31. g5 h6 32. Rxa6 hxg5 33. b4 1-0

[Event "Zonal Oceania 2009"]
[Site "Tweed Heads AUS"]
[Date "2009.06.24"]
[Round "7.29"]
[White "Bennett, Hilton"]
[Black "Encel, Benjamin"]
[Result "1/2-1/2"]
[WhiteElo "2028"]
[BlackElo "1838"]
[PlyCount "69"]
[EventDate "2009.06.20"]
[EventType "swiss"]
[EventRounds "9"]
[EventCountry "AUS"]
[Source "lmi"]
[SourceDate "2009.06.20"]

1. Nf3 c5 2. g3 g6 3. Bg2 Bg7 4. d3 Nc6 5. O-O d6 6. e4 Nf6 7. Nc3 O-O 8. h3 a6
9. Nh4 Ne8 10. f4 f5 11. exf5 gxf5 12. Nf3 h6 13. Re1 Nc7 14. Nh4 e6 15. Be3
Bd7 16. a4 Rb8 17. Qd2 Qf6 18. Qf2 Nd4 19. Nf3 Nxf3+ 20. Bxf3 Bc6 21. Kh2 Bxf3
22. Qxf3 Kh7 23. Re2 Rg8 24. Rg1 Qf7 25. Reg2 Bxc3 26. bxc3 Nd5 27. Bd2 Rg6 28.
Rb1 Qd7 29. c4 Ne7 30. Bc3 Nc6 31. Qe3 Rbg8 32. Rbg1 Qf7 33. g4 fxg4 34. hxg4
Ne5 35. Bxe5 1/2-1/2

[Event "Zonal Oceania 2009"]
[Site "Tweed Heads AUS"]
[Date "2009.06.24"]
[Round "7.30"]
[White "Weller, Tony"]
[Black "Hernandez, Roberto"]
[Result "1-0"]
[WhiteElo "1987"]
[BlackElo "1830"]
[PlyCount "87"]
[EventDate "2009.06.20"]
[EventType "swiss"]
[EventRounds "9"]
[EventCountry "AUS"]
[Source "lmi"]
[SourceDate "2009.06.20"]

1. d4 f5 2. e3 Nf6 3. c4 e6 4. Nf3 b6 5. Nc3 Bb4 6. Bd2 O-O 7. Be2 Bb7 8. O-O
c5 9. a3 Bxc3 10. Bxc3 Qc7 11. dxc5 bxc5 12. Be5 Qb6 13. Bd6 Re8 14. b4 cxb4
15. axb4 Be4 16. b5 a5 17. c5 Qb7 18. Ra4 Nd5 19. Qb3 Na6 20. Rfa1 Nab4 21. Ne1
Nc6 22. f3 Nf6 23. fxe4 Nxe4 24. Qa3 Nd8 25. Rxa5 Rxa5 26. Qxa5 Qd5 27. Bf3 Nb7
28. Bxe4 Qxe4 29. Qc3 Rc8 30. Qd4 Nxd6 31. cxd6 Qb7 32. b6 Qc6 33. Ra7 Qc1 34.
Kf1 Rc4 35. b7 Rxd4 36. b8=Q+ Kf7 37. Rxd7+ Kg6 38. Qe8+ Kh6 39. Qxe6+ g6 40.
exd4 Qf4+ 41. Nf3 Qc1+ 42. Kf2 Qc2+ 43. Qe2 Qc6 44. Qe3+ 1-0

[Event "Zonal Oceania 2009"]
[Site "Tweed Heads AUS"]
[Date "2009.06.24"]
[Round "7.35"]
[White "Sannidhanam, Anurag"]
[Black "Raicar, Gaurav"]
[Result "1-0"]
[WhiteElo "1705"]
[BlackElo "1560"]
[PlyCount "75"]
[EventDate "2009.06.20"]
[EventType "swiss"]
[EventRounds "9"]
[EventCountry "AUS"]
[Source "lmi"]
[SourceDate "2009.06.20"]

1. b4 d5 2. b5 e6 3. Bb2 c6 4. a4 Bd7 5. e3 Nf6 6. Be2 Be7 7. f4 O-O 8. Nf3 Bc8
9. O-O b6 10. Ne5 c5 11. g4 Bb7 12. g5 Nfd7 13. Ng4 f6 14. h4 Bd6 15. Kh1 Qe7
16. gxf6 Nxf6 17. Bxf6 Rxf6 18. Nxf6+ Qxf6 19. Na3 Qxh4+ 20. Kg2 d4+ 21. Bf3
Qg4+ 22. Kf2 Qh4+ 23. Ke2 Qh2+ 24. Rf2 d3+ 25. cxd3 Bxf3+ 26. Kxf3 Qh3+ 27. Ke2
Qg4+ 28. Kf1 Qh3+ 29. Kg1 Bxf4 30. exf4 Qg3+ 31. Rg2 Qxd3 32. Qg4 Qd4+ 33. Kh2
Qxa1 34. Qxe6+ Kf8 35. Qc8+ Kf7 36. Qb7+ Ke6 37. Qxa8 Qd4 38. Qxb8 1-0

[Event "Zonal Oceania 2009"]
[Site "Tweed Heads AUS"]
[Date "2009.06.25"]
[Round "8.2"]
[White "Solomon, Stephen"]
[Black "Bjelobrk, Igor"]
[Result "1-0"]
[WhiteElo "2455"]
[BlackElo "2332"]
[PlyCount "71"]
[EventDate "2009.06.20"]
[EventType "swiss"]
[EventRounds "9"]
[EventCountry "AUS"]
[Source "lmi"]
[SourceDate "2009.06.20"]

1. e4 e5 2. Nf3 Nf6 3. Nxe5 d6 4. Nf3 Nxe4 5. d4 Bg4 6. Bd3 Nf6 7. O-O Be7 8.
Nbd2 O-O 9. c3 c6 10. Qc2 Nbd7 11. Nh4 g6 12. h3 Be6 13. Nhf3 Re8 14. Ng5 Nf8
15. f4 Nh5 16. Nxe6 Nxe6 17. f5 Nef4 18. Ne4 Nxd3 19. Qxd3 d5 20. Nf2 Bd6 21.
Ng4 Ng3 22. fxg6 Ne2+ 23. Kh1 Ng3+ 24. Qxg3 Bxg3 25. gxf7+ Kh8 26. fxe8=N Qxe8
27. Bh6 Qh5 28. Rf3 Bd6 29. Raf1 Rg8 30. Bf4 Bxf4 31. Nf6 Qg5 32. Nxg8 Bd6 33.
Nf6 h5 34. Rf5 Qg3 35. Rxh5+ Kg7 36. Rh7+ 1-0

[Event "Zonal Oceania 2009"]
[Site "Tweed Heads AUS"]
[Date "2009.06.25"]
[Round "8.3"]
[White "West, Guy"]
[Black "Scott, Ronald"]
[Result "1/2-1/2"]
[WhiteElo "2343"]
[BlackElo "2261"]
[PlyCount "175"]
[EventDate "2009.06.20"]
[EventType "swiss"]
[EventRounds "9"]
[EventCountry "AUS"]
[Source "lmi"]
[SourceDate "2009.06.20"]

1. e4 e5 2. Nf3 d6 3. d4 Nf6 4. dxe5 Nxe4 5. Be3 Nd7 6. Qd4 f5 7. exd6 Nxd6 8.
Nc3 Nf6 9. O-O-O Be6 10. Bf4 Be7 11. Bb5+ Bd7 12. Bc4 Bc6 13. Ng5 Nh5 14. Rhe1
Nxf4 15. Qxf4 h6 16. Ne6 Qd7 17. Kb1 g5 18. Qe5 Rh7 19. Ng7+ Kf8 20. Be6 Qd8
21. Nh5 Be8 22. Bxf5 Bxh5 23. Bxh7 Bf6 24. Qe6 Kg7 25. Bd3 Bxd1 26. Nxd1 Qe8
27. Qxe8 Rxe8 28. Rxe8 Nxe8 29. c3 Be5 30. g3 Nd6 31. Kc2 h5 32. Ne3 c6 33. Be2
Kg6 34. Kd3 h4 35. Bg4 Bg7 36. b3 Kf6 37. c4 hxg3 38. hxg3 b6 39. c5 bxc5 40.
Bd7 Nf7 41. f4 gxf4 42. gxf4 Nd8 43. Nf5 Bf8 44. Ng3 Bh6 45. Ke3 Bf8 46. Ne4+
Ke7 47. Bc8 Nf7 48. Nxc5 Bh6 49. Nd3 Nd6 50. Ba6 Nf5+ 51. Ke4 Ng3+ 52. Kf3 Nf5
53. Ne5 Nd4+ 54. Ke4 Ne6 55. Bc4 Nd8 56. Ng4 Bg7 57. Ne3 Bb2 58. Nf5+ Kd7 59.
Ne3 Ke7 60. Ng4 Bc3 61. Be2 Bb2 62. Bf3 Ne6 63. Ne5 Nd8 64. Kf5 c5 65. Bd5 Bc1
66. Nc4 Kd7 67. Ke4 Ke7 68. Ke5 a6 69. a3 Kd7 70. f5 Bh6 71. f6 Bf8 72. Kf5 Bh6
73. Kg6 Bf8 74. Kh7 Nc6 75. Bxc6+ Kxc6 76. Kg8 Bh6 77. Ne3 Bxe3 78. Kg7 c4 79.
bxc4 a5 80. f7 Bc5 81. f8=Q Bxf8+ 82. Kxf8 a4 83. Ke7 Kc5 84. Ke6 Kxc4 85. Ke5
Kb3 86. Kd4 Kxa3 87. Kc3 Ka2 88. Kc2 1/2-1/2

[Event "Zonal Oceania 2009"]
[Site "Tweed Heads AUS"]
[Date "2009.06.25"]
[Round "8.4"]
[White "Cheng, Bobby"]
[Black "Garbett, Paul"]
[Result "1-0"]
[WhiteElo "2103"]
[BlackElo "2319"]
[PlyCount "143"]
[EventDate "2009.06.20"]
[EventType "swiss"]
[EventRounds "9"]
[EventCountry "AUS"]
[Source "lmi"]
[SourceDate "2009.06.20"]

1. d4 f5 2. Nc3 Nf6 3. Bg5 d5 4. Bxf6 exf6 5. e3 Be6 6. Qf3 Qd7 7. Bb5 Nc6 8.
a3 a6 9. Ba4 Bd6 10. Nge2 b5 11. Bb3 Ne7 12. a4 Qc6 13. axb5 axb5 14. O-O O-O
15. Nf4 Bxf4 16. exf4 b4 17. Na4 Bf7 18. Nc5 Qd6 19. c3 bxc3 20. bxc3 Rfb8 21.
Bc2 Bg6 22. g3 Nc8 23. Bd3 Nb6 24. Rfb1 Rxa1 25. Rxa1 Ra8 26. Rxa8+ Nxa8 27.
Qe2 Nb6 28. Qa2 Nd7 29. Na6 Nb6 30. Qa5 Be8 31. Qc5 Bc6 32. Nxc7 Qxc5 33. dxc5
Na4 34. Bb5 Bxb5 35. Nxb5 Nxc5 36. Nc7 Kf7 37. Nxd5 Ke6 38. Ne3 Ne4 39. c4 Nd2
40. c5 Nb3 41. c6 Kd6 42. Nd5 Kxc6 43. Nxf6 h5 44. Nh7 Nd4 45. Nf8 g5 46. fxg5
Nf3+ 47. Kg2 Nxg5 48. f4 Ne4 49. Kh3 Kd6 50. Kh4 Ke7 51. Nh7 Kf7 52. Kxh5 Kg7
53. Ng5 Nf6+ 54. Kh4 Kg6 55. Nf3 Nd5 56. Ne5+ Kh6 57. Nc4 Kg6 58. Kh3 Kf6 59.
Kg2 Nc7 60. Kf3 Ne6 61. h3 Nd4+ 62. Kf2 Ne6 63. Ne3 Ng7 64. g4 Ke6 65. Kf3 Kf6
66. Kg3 fxg4 67. hxg4 Ne6 68. Nd5+ Kf7 69. f5 Ng5 70. Kf4 Nh3+ 71. Ke5 Ng5 72.
Ne3 1-0

[Event "Zonal Oceania 2009"]
[Site "Tweed Heads AUS"]
[Date "2009.06.25"]
[Round "8.5"]
[White "Rej, Tomek"]
[Black "Oliver, Gareth"]
[Result "1-0"]
[WhiteElo "2308"]
[BlackElo "2187"]
[PlyCount "103"]
[EventDate "2009.06.20"]
[EventType "swiss"]
[EventRounds "9"]
[EventCountry "AUS"]
[Source "lmi"]
[SourceDate "2009.06.20"]

1. d4 Nf6 2. c4 g6 3. Nc3 Bg7 4. e4 d6 5. f3 O-O 6. Be3 Nbd7 7. Nge2 c5 8. d5
a6 9. Ng3 Qc7 10. Be2 e6 11. a4 exd5 12. cxd5 b6 13. O-O Rb8 14. Rc1 Re8 15.
Qd2 h5 16. Nh1 Nf8 17. Nf2 Qd7 18. f4 Ng4 19. Nxg4 hxg4 20. f5 gxf5 21. Rxf5
Qe7 22. Rf2 g3 23. hxg3 Be5 24. Bh5 f6 25. Bxe8 Qxe8 26. Ne2 Qh5 27. Bf4 Ng6
28. g4 Bxg4 29. Bxe5 Nxe5 30. Ng3 Qg6 31. Nf5 Kh7 32. Rcf1 Rh8 33. Ng3 Nd7 34.
Qf4 Kg8 35. Rd2 Kf7 36. Nf5 Qh5 37. Nxd6+ Ke7 38. Nc4 b5 39. Ne3 Ne5 40. Qxf6+
Kd7 41. Qf4 Qh1+ 42. Kf2 Qh4+ 43. Qg3 Rf8+ 44. Nf5 Qg5 45. Ke1 Nc4 46. Rc2 Re8
47. Rxc4 bxc4 48. Qd6+ Kc8 49. Qc6+ Kd8 50. Qa8+ Kd7 51. Qb7+ Kd8 52. d6 1-0

[Event "Zonal Oceania 2009"]
[Site "Tweed Heads AUS"]
[Date "2009.06.25"]
[Round "8.6"]
[White "Morris, James"]
[Black "Feldman, Vladimir"]
[Result "1-0"]
[WhiteElo "2114"]
[BlackElo "2298"]
[PlyCount "99"]
[EventDate "2009.06.20"]
[EventType "swiss"]
[EventRounds "9"]
[EventCountry "AUS"]
[Source "lmi"]
[SourceDate "2009.06.20"]

1. e4 c5 2. Nc3 Nc6 3. f4 e6 4. Nf3 d6 5. Bc4 Nge7 6. d3 g6 7. O-O Bg7 8. Qe1
h6 9. Bb3 a6 10. Ne2 b5 11. c3 d5 12. e5 Bd7 13. Bc2 Rc8 14. Qf2 Qc7 15. Be3 d4
16. cxd4 Nb4 17. Bb1 c4 18. dxc4 bxc4 19. Nc3 Bc6 20. a3 Nbd5 21. Ne4 Nf5 22.
Bd2 h5 23. h3 h4 24. Rc1 Qb6 25. Ra2 Bb7 26. Kh2 Bf8 27. Nc3 Be7 28. Bc2 Kf8
29. Raa1 Nc7 30. Na4 Qb5 31. Bxf5 gxf5 32. Nc5 Bd5 33. a4 Qc6 34. Ng5 Kg7 35.
Bb4 Bxg5 36. fxg5 Kg6 37. Nd3 Qd7 38. Nf4+ Kg7 39. g3 Rb8 40. Bd6 hxg3+ 41.
Kxg3 Rb7 42. Rc2 Be4 43. Rxc4 Nd5 44. b4 Nb6 45. Rcc1 Nxa4 46. Kh2 a5 47. g6
Rxb4 48. Bxb4 axb4 49. Qg3 f6 50. Rc7 1-0

[Event "Zonal Oceania 2009"]
[Site "Tweed Heads AUS"]
[Date "2009.06.25"]
[Round "8.7"]
[White "Xie, George"]
[Black "Levi, Eddy"]
[Result "1-0"]
[WhiteElo "2402"]
[BlackElo "2216"]
[PlyCount "122"]
[EventDate "2009.06.20"]
[EventType "swiss"]
[EventRounds "9"]
[EventCountry "AUS"]
[Source "lmi"]
[SourceDate "2009.06.20"]

1. d4 Nf6 2. Nf3 c5 3. d5 b5 4. Bg5 Qb6 5. c4 b4 6. Nbd2 d6 7. Bxf6 exf6 8. Qc2
g6 9. g3 Bg7 10. Qe4+ Kf8 11. Qf4 g5 12. Qe4 Qd8 13. Qc2 f5 14. e3 Qf6 15. Rb1
Nd7 16. Bd3 Ne5 17. Nxe5 Qxe5 18. O-O Bd7 19. f4 Qxe3+ 20. Kg2 g4 21. Nb3 Qe8
22. Bxf5 Qc8 23. Bxd7 Qxd7 24. f5 Bf6 25. Nc1 h5 26. Nd3 Kg7 27. Nf4 Rae8 28.
Rf2 Re5 29. Ne2 Rhe8 30. Rbf1 Kh6 31. h3 gxh3+ 32. Kxh3 Re4 33. Kg2 Bg5 34. Ng1
Bf6 35. Nf3 Qe7 36. Qc1+ Re3 37. Rh1 h4 38. Nxh4 Qe4+ 39. Nf3+ Kg7 40. b3 Qxf5
41. Qb1 Qxb1 42. Rxb1 Re2 43. Rbf1 Kg6 44. Kh3 a5 45. Ne5+ R8xe5 46. Rxf6+ Kg5
47. Rxf7 Rxa2 48. Rg7+ Kh5 49. Rf6 Re3 50. Rg8 Rae2 51. Rfg6 Re1 52. Rg4 Rh1+
53. Kg2 Ree1 54. R4g5+ Kh6 55. R8g7 Rhg1+ 56. Kh3 Rh1+ 57. Kg4 Re4+ 58. Kf3 Rd4
59. R5g6+ Kh5 60. g4+ Rxg4 61. Rxg4 Rh3+ 1-0

[Event "Zonal Oceania 2009"]
[Site "Tweed Heads AUS"]
[Date "2009.06.25"]
[Round "8.8"]
[White "Ly, Moulthun"]
[Black "Schon, Eugene"]
[Result "1-0"]
[WhiteElo "2340"]
[BlackElo "2186"]
[PlyCount "59"]
[EventDate "2009.06.20"]
[EventType "swiss"]
[EventRounds "9"]
[EventCountry "AUS"]
[Source "lmi"]
[SourceDate "2009.06.20"]

1. e4 c5 2. Nf3 Nc6 3. d4 cxd4 4. Nxd4 Nf6 5. Nc3 e5 6. Ndb5 d6 7. Bg5 a6 8.
Na3 b5 9. Bxf6 gxf6 10. Nd5 f5 11. c3 Bg7 12. exf5 Bxf5 13. Nc2 O-O 14. Nce3
Be6 15. g3 f5 16. Bh3 Ra7 17. a4 b4 18. O-O bxc3 19. bxc3 Qa5 20. Rb1 Qc5 21.
Qb3 Rb8 22. Bxf5 Rxb3 23. Bxe6+ Kh8 24. Rxb3 h5 25. Rfb1 Bf8 26. Rb8 Nxb8 27.
Rxb8 Qc6 28. Rxf8+ Kh7 29. Rg8 Rg7 30. Rc8 1-0

[Event "Zonal Oceania 2009"]
[Site "Tweed Heads AUS"]
[Date "2009.06.25"]
[Round "8.9"]
[White "Steadman, Michael"]
[Black "Nakauchi, Gene"]
[Result "1-0"]
[WhiteElo "2262"]
[BlackElo "2076"]
[PlyCount "95"]
[EventDate "2009.06.20"]
[EventType "swiss"]
[EventRounds "9"]
[EventCountry "AUS"]
[Source "lmi"]
[SourceDate "2009.06.20"]

1. d4 Nf6 2. c4 c5 3. d5 e6 4. Nc3 exd5 5. cxd5 d6 6. Nf3 g6 7. h3 Bg7 8. Bf4
O-O 9. e3 a6 10. a4 Nh5 11. Bh2 f5 12. Be2 f4 13. O-O fxe3 14. fxe3 Qe7 15. Qd3
Bh6 16. Ne4 Bf5 17. Nfd2 Nf6 18. Bxd6 Qxd6 19. Rxf5 Qd8 20. Rxf6 Rxf6 21. Nxf6+
Qxf6 22. Bg4 Qxb2 23. Rf1 b5 24. d6 Nc6 25. Qd5+ Kh8 26. Qxc6 Bxe3+ 27. Kh1 Rg8
28. Ne4 Qe5 29. d7 c4 30. Nd6 Qe7 31. Qd5 c3 32. Bd1 bxa4 33. Nf7+ Kg7 34. d8=Q
Rxd8 35. Nxd8 Qe8 36. Qf7+ Qxf7 37. Rxf7+ Kg8 38. Bxa4 Bb6 39. Rd7 g5 40. Ne6
h6 41. Kh2 Bf2 42. g4 Be3 43. Kg2 Bb6 44. Kf3 Ba5 45. Ke4 Bb4 46. Kf5 c2 47.
Bxc2 a5 48. Kg6 1-0

[Event "Zonal Oceania 2009"]
[Site "Tweed Heads AUS"]
[Date "2009.06.25"]
[Round "8.11"]
[White "Lane, Gary"]
[Black "Krstev, Antonio"]
[Result "1-0"]
[WhiteElo "2371"]
[BlackElo "2056"]
[PlyCount "77"]
[EventDate "2009.06.20"]
[EventType "swiss"]
[EventRounds "9"]
[EventCountry "AUS"]
[Source "lmi"]
[SourceDate "2009.06.20"]

1. e4 e6 2. d4 d5 3. Nd2 Nf6 4. e5 Nfd7 5. c3 c5 6. Bd3 Nc6 7. Ne2 Qb6 8. Nf3
f6 9. exf6 Nxf6 10. O-O Bd7 11. Nf4 O-O-O 12. Re1 Re8 13. Ne5 Nxe5 14. dxe5 Ng8
15. c4 Ne7 16. cxd5 exd5 17. e6 Bc6 18. Qh5 h6 19. Ng6 Rg8 20. Bf4 Qxb2 21. h4
c4 22. Nxe7+ Bxe7 23. Bg6 Bc5 24. Bg3 Re7 25. Bf7 Rd8 26. Qg4 b5 27. h5 Kb7 28.
Bh4 d4 29. Bxe7 Bxe7 30. Qxg7 Qd2 31. Rad1 Qf4 32. Bg6 Qg5 33. g3 d3 34. Re5
Qg4 35. Qxe7+ Rd7 36. exd7 Bxd7 37. Rxb5+ Ka6 38. Qd6+ Kxb5 39. Rb1+ 1-0

[Event "Zonal Oceania 2009"]
[Site "Tweed Heads AUS"]
[Date "2009.06.25"]
[Round "8.12"]
[White "Canfell, Gregory"]
[Black "Stevens, Tristan"]
[Result "1-0"]
[WhiteElo "2327"]
[BlackElo "2006"]
[PlyCount "61"]
[EventDate "2009.06.20"]
[EventType "swiss"]
[EventRounds "9"]
[EventCountry "AUS"]
[Source "lmi"]
[SourceDate "2009.06.20"]

1. e4 e5 2. Nf3 Nc6 3. Bb5 a6 4. Ba4 Nf6 5. O-O Be7 6. Bxc6 dxc6 7. Qe1 Nd7 8.
b3 Bd6 9. Bb2 f6 10. d3 Nc5 11. Nc3 Bg4 12. Nh4 Ne6 13. f3 Bh5 14. Nf5 Bg6 15.
Ne2 Qd7 16. Rd1 O-O-O 17. Nxd6+ cxd6 18. d4 exd4 19. Nxd4 Nxd4 20. Bxd4 Qc7 21.
c4 Rhe8 22. Qf2 c5 23. Be3 Bf7 24. Rd3 b5 25. cxb5 axb5 26. Rfd1 g5 27. Qd2 Re6
28. Bf2 Kb7 29. b4 c4 30. Ra3 Ra8 31. Qd5+ 1-0

[Event "Zonal Oceania 2009"]
[Site "Tweed Heads AUS"]
[Date "2009.06.25"]
[Round "8.13"]
[White "Rujevic, Mirko"]
[Black "Juszczynski, Mathew"]
[Result "1-0"]
[WhiteElo "2282"]
[BlackElo "1914"]
[PlyCount "65"]
[EventDate "2009.06.20"]
[EventType "swiss"]
[EventRounds "9"]
[EventCountry "AUS"]
[Source "lmi"]
[SourceDate "2009.06.20"]

1. e4 c5 2. Nc3 Nc6 3. f4 e6 4. Nf3 a6 5. a4 d5 6. d3 g6 7. g3 Bg7 8. Bg2 Nge7
9. O-O O-O 10. g4 f5 11. gxf5 gxf5 12. Qe1 Nb4 13. Qe2 Bd7 14. Nd1 Ng6 15. exf5
Rxf5 16. c3 Nc6 17. Ng5 Qf6 18. Nh3 Bh6 19. Ndf2 Qh4 20. Ng4 Raf8 21. Nxh6+
Qxh6 22. Be3 d4 23. Bf2 Nxf4 24. Nxf4 Rxf4 25. Bg3 Rxf1+ 26. Rxf1 Rxf1+ 27.
Qxf1 Qe3+ 28. Kh1 e5 29. Bd5+ Kg7 30. Qf7+ Kh6 31. Qf6+ Kh5 32. Bf3+ Bg4 33.
Qh4+ 1-0

[Event "Zonal Oceania 2009"]
[Site "Tweed Heads AUS"]
[Date "2009.06.25"]
[Round "8.14"]
[White "Smith, Robert"]
[Black "Grigg, Sam"]
[Result "1-0"]
[WhiteElo "2274"]
[BlackElo "1927"]
[PlyCount "89"]
[EventDate "2009.06.20"]
[EventType "swiss"]
[EventRounds "9"]
[EventCountry "AUS"]
[Source "lmi"]
[SourceDate "2009.06.20"]

1. e4 c5 2. d3 Nc6 3. g3 Nf6 4. Bg2 d5 5. Nd2 Bg4 6. Ngf3 e6 7. O-O Be7 8. Re1
O-O 9. h3 Bh5 10. e5 Nd7 11. g4 Bg6 12. Nf1 Qc7 13. Bf4 Rae8 14. Qd2 Qc8 15. g5
Bd8 16. Ng3 f6 17. gxf6 gxf6 18. Bh6 Rf7 19. exf6 Bxf6 20. Ng5 Bxg5 21. Bxg5
Nd4 22. Re3 c4 23. Rae1 cxd3 24. cxd3 Nf8 25. Rc1 Rc7 26. Rc3 Rxc3 27. bxc3 Nb5
28. Ne2 Nd6 29. Nd4 Nf7 30. Bf6 e5 31. Nf3 Qf5 32. Bh4 Ne6 33. Bg3 e4 34. dxe4
dxe4 35. Nh4 Qg5 36. Nxg6 hxg6 37. Qd7 Re7 38. Qc8+ Nfd8 39. Rxe4 Re8 40. Kh2
Qf6 41. Re3 g5 42. Bd5 Qg6 43. Qd7 Qf7 44. Qxd8 Nxd8 45. Rxe8+ 1-0

[Event "Zonal Oceania 2009"]
[Site "Tweed Heads AUS"]
[Date "2009.06.25"]
[Round "8.15"]
[White "Brown, Andrew"]
[Black "Prasad, Calvin"]
[Result "1-0"]
[WhiteElo "2085"]
[BlackElo "1912"]
[PlyCount "35"]
[EventDate "2009.06.20"]
[EventType "swiss"]
[EventRounds "9"]
[EventCountry "AUS"]
[Source "lmi"]
[SourceDate "2009.06.20"]

1. d4 Nf6 2. c4 g6 3. Nc3 Bg7 4. e4 d6 5. f4 O-O 6. Nf3 c5 7. d5 e6 8. Be2 exd5
9. cxd5 Re8 10. Nd2 Nbd7 11. O-O c4 12. Bxc4 Nc5 13. e5 dxe5 14. fxe5 Rxe5 15.
Nf3 Re8 16. Bg5 Rf8 17. Kh1 Nfe4 18. Bh4 1-0

[Event "Zonal Oceania 2009"]
[Site "Tweed Heads AUS"]
[Date "2009.06.25"]
[Round "8.16"]
[White "Yuan, Yi"]
[Black "Ambrus, Endre"]
[Result "1/2-1/2"]
[WhiteElo "2010"]
[BlackElo "2375"]
[PlyCount "94"]
[EventDate "2009.06.20"]
[EventType "swiss"]
[EventRounds "9"]
[EventCountry "AUS"]
[Source "lmi"]
[SourceDate "2009.06.20"]

1. e4 e5 2. Nf3 Nc6 3. d4 exd4 4. Bc4 Bc5 5. c3 Nf6 6. cxd4 Bb4+ 7. Bd2 Bxd2+
8. Nbxd2 d5 9. exd5 Nxd5 10. Qb3 Na5 11. Qa4+ Nc6 12. Qb3 Na5 13. Qa4+ Nc6 14.
Qb3 Nce7 15. O-O O-O 16. Rfe1 c6 17. Ne4 Qb6 18. Qa3 Bg4 19. Ne5 Bf5 20. Nd6
Be6 21. Rad1 Qc7 22. Ne4 Bf5 23. Ng3 Rad8 24. Nxc6 Qxc6 25. Bxd5 Rxd5 26. Qxe7
Be6 27. Rc1 Qd7 28. Rc7 Qxe7 29. Rxe7 Rb5 30. b3 Rd8 31. Rc7 Kf8 32. Ne2 Ra5
33. Rc2 Rd6 34. Rd2 Rda6 35. Nc3 b5 36. f3 Bd7 37. Ree2 f5 38. Nd5 Rc6 39. Nb4
Rc1+ 40. Kf2 Ra3 41. Rc2 Rxc2 42. Rxc2 a5 43. Nd3 a4 44. Nc5 Be8 45. d5 Ke7 46.
Ke3 axb3 47. axb3 Ra1 1/2-1/2

[Event "Zonal Oceania 2009"]
[Site "Tweed Heads AUS"]
[Date "2009.06.25"]
[Round "8.17"]
[White "Jule, Alexandra"]
[Black "Marcos, Joselito"]
[Result "1-0"]
[WhiteElo "1928"]
[BlackElo "2200"]
[PlyCount "69"]
[EventDate "2009.06.20"]
[EventType "swiss"]
[EventRounds "9"]
[EventCountry "AUS"]
[Source "lmi"]
[SourceDate "2009.06.20"]

1. d4 Nf6 2. Nf3 c5 3. e3 b6 4. Nbd2 Bb7 5. Bd3 g6 6. b3 Bg7 7. Bb2 a6 8. c4 d5
9. Rc1 O-O 10. Bb1 cxd4 11. exd4 Nbd7 12. O-O Rc8 13. Re1 Re8 14. Ne5 Nb8 15.
Ndf3 Qd6 16. Rc2 Nfd7 17. Qc1 Nxe5 18. dxe5 Qd7 19. e6 fxe6 20. Bxg7 Kxg7 21.
Qb2+ Kg8 22. Ng5 Rf8 23. Qd4 Rf6 24. Rce2 e5 25. Rxe5 dxc4 26. Qh4 h5 27. Rxe7
Qd2 28. Nf3 Qd6 29. Rxb7 cxb3 30. axb3 Nd7 31. Rxd7 Qxd7 32. Qxf6 Rf8 33. Qxg6+
Qg7 34. Qxg7+ Kxg7 35. h4 1-0

[Event "Zonal Oceania 2009"]
[Site "Tweed Heads AUS"]
[Date "2009.06.25"]
[Round "8.18"]
[White "Liu, Yi"]
[Black "Krstev, Mario"]
[Result "1-0"]
[WhiteElo "1938"]
[BlackElo "2086"]
[PlyCount "46"]
[EventDate "2009.06.20"]
[EventType "swiss"]
[EventRounds "9"]
[EventCountry "AUS"]
[Source "lmi"]
[SourceDate "2009.06.20"]

1. d4 d5 2. Nf3 Nf6 3. e3 Bg4 4. h3 Bh5 5. Be2 e6 6. O-O Bd6 7. b3 Qe7 8. Bb2
O-O 9. Nbd2 Nbd7 10. Ne5 Bxe2 11. Qxe2 c5 12. Nxd7 Nxd7 13. dxc5 Nxc5 14. e4
Nxe4 15. Nxe4 dxe4 16. Qxe4 f5 17. Qe2 e5 18. Rfe1 Rae8 19. Rad1 Kh8 20. Rd5
Qc7 21. c4 e4 22. Red1 Rd8 23. Qd2 Be7 1-0